000 00704nam a2200253Ia 4500
003 OSt
005 20221005062452.0
006 a|||||r|||| 00| 0
007 ta
008 221004b |||||||| |||| 00| 0 eng d
024 _a64258
037 _cTextual
040 _aCRL
_cCRL
_beng
041 _2eng
_aeng
082 _aW6jNBL, N4
100 _aBudge Ian Ed.
_997572
245 0 _aDeveloping democracy
_b Comparative research in honour of JFP Blondel
260 _aLondon
_bSage
_c1994
300 _a346p.
_ccm.
650 _aPOLITICAL SCIENCE
700 _a McKay David Ed.
942 _hW6jNBL, N4
_cTEXL
_2cc
999 _c969771
_d969771